| 000 -LEADER | |
|---|---|
| fixed length control field | 00399nam a22001697a 4500 |
| 005 - DATE AND TIME OF LATEST TRANSACTION | |
| control field | 20160701160908.0 |
| 008 - FIXED-LENGTH DATA ELEMENTS--GENERAL INFORMATION | |
| fixed length control field | 160701b xxu||||| |||| 00| 0 eng d |
| 020 ## - INTERNATIONAL STANDARD BOOK NUMBER | |
| ISBN | 978-81-8472-269-7 |
| 041 ## - LANGUAGE CODE | |
| Language code of text/sound track or separate title | eng |
| 082 ## - DEWEY DECIMAL CLASSIFICATION NUMBER | |
| Item number | 20765 |
| 100 ## - MAIN ENTRY--AUTHOR NAME | |
| Personal name | Jalaludeen S Md |
| 245 ## - TITLE STATEMENT | |
| Title | Design data handbook |
| 260 ## - PUBLICATION, DISTRIBUTION, ETC. (IMPRINT) | |
| Name of publisher | anuradha |
| Year of publication | 2014 |
| 300 ## - PHYSICAL DESCRIPTION | |
| Number of Pages | 36.32 |
| 650 ## - SUBJECT ADDED ENTRY--TOPICAL TERM | |
| Topical Term | Diploma Engineering |
| 942 ## - ADDED ENTRY ELEMENTS (KOHA) | |
| Koha item type | Books |
| Lost status | Damaged status | Collection code | Home library | Current library | Shelving location | Date acquired | Cost, normal purchase price | Full call number | Accession Number | Koha item type |
|---|---|---|---|---|---|---|---|---|---|---|
| Reference | JRU Library | SHELF-72-C | 01/07/2016 | 450.00 | 20765 | 20765 | Books | |||
| JRU Library | SHELF-47-N | 01/07/2016 | 450.00 | 20765 | 20766 | Books | ||||
| JRU Library | SHELF-47-N | 01/07/2016 | 450.00 | 20765 | 20767 | Books | ||||
| JRU Library | SHELF-47-N | 01/07/2016 | 450.00 | 20765 | 20768 | Books | ||||
| JRU Library | SHELF-47-N | 01/07/2016 | 450.00 | 20765 | 20769 | Books | ||||
| JRU Library | SHELF-47-N | 01/07/2016 | 450.00 | 20765 | 20770 | Books | ||||
| JRU Library | SHELF-47-N | 01/07/2016 | 450.00 | 20765 | 20771 | Books | ||||
| JRU Library | SHELF-47-N | 01/07/2016 | 450.00 | 20765 | 20772 | Books | ||||
| JRU Library | SHELF-47-N | 01/07/2016 | 450.00 | 20765 | 20773 | Books | ||||
| JRU Library | SHELF-47-N | 01/07/2016 | 450.00 | 20765 | 20774 | Books | ||||
| JRU Library | SHELF-47-N | 01/07/2016 | 450.00 | 20765 | 20775 | Books | ||||
| JRU Library | SHELF-47-N | 01/07/2016 | 450.00 | 20765 | 20776 | Books | ||||
| JRU Library | SHELF-47-N | 01/07/2016 | 450.00 | 20765 | 20777 | Books | ||||
| JRU Library | SHELF-47-N | 01/07/2016 | 450.00 | 20765 | 20778 | Books | ||||
| JRU Library | SHELF-47-N | 01/07/2016 | 450.00 | 20765 | 20779 | Books | ||||
| JRU Library | SHELF-47-N | 01/07/2016 | 450.00 | 20765 | 20780 | Books | ||||
| JRU Library | SHELF-47-N | 01/07/2016 | 450.00 | 20765 | 20781 | Books | ||||
| JRU Library | SHELF-47-N | 01/07/2016 | 450.00 | 20765 | 20782 | Books | ||||
| JRU Library | SHELF-47-N | 01/07/2016 | 450.00 | 20765 | 20783 | Books | ||||
| JRU Library | SHELF-47-N | 01/07/2016 | 450.00 | 20765 | 20784 | Books |